|
|
|
|
| LEADER |
01146nam a2200325 4500 |
| 001 |
DLU180183069 |
| 005 |
##20180115 |
| 020 |
# |
# |
|a 9786045369432
|
| 040 |
# |
# |
|a DLU
|b vie
|
| 041 |
# |
# |
|a vie
|
| 044 |
# |
# |
|a vn
|
| 082 |
# |
# |
|a 398.209 597
|b TR-N
|
| 100 |
# |
# |
|a Triều Nguyên.
|
| 245 |
# |
# |
|a Luận về giai thoại /
|c Triều Nguyên sưu tầm, nghiên cứu.
|
| 260 |
# |
# |
|a H. :
|b Hội nhà văn,
|c 2016.
|
| 300 |
# |
# |
|a 420 tr. ;
|c 21 cm.
|
| 504 |
# |
# |
|a Tài liệu tham khảo và trích dẫn chính: tr. 404-410.
|
| 505 |
# |
# |
|a Chương 1. Dẫn luận. Việc nghiên cứu giai thoại, vấn đề đặt ra -- Chương 2. Hệ thống giai thoại được nhìn nhận -- Chương 3. Nghệ thuật, nội dung và đặc điểm của giai thoại -- Chương 4. Vị trí của giai thoại -- Chương 5. Đóng góp của giai thoại. Kết luận.
|
| 650 |
# |
# |
|a Giai thoại
|z Việt Nam.
|
| 923 |
# |
# |
|a 01/2017
|
| 991 |
# |
# |
|a SH
|
| 992 |
# |
# |
|a 17000
|
| 994 |
# |
# |
|a DLU
|
| 900 |
# |
# |
|a True
|
| 911 |
# |
# |
|a Nguyễn Thanh Hương
|
| 925 |
# |
# |
|a G
|
| 926 |
# |
# |
|a A
|
| 927 |
# |
# |
|a SH
|
| 980 |
# |
# |
|a Thư viện Trường Đại học Đà Lạt
|